000 00615nam a2200241Ia 4500
003 OSt
005 20221007100154.0
006 a|||||r|||| 00| 0
007 ta
008 221006b |||||||| |||| 00| 0 eng d
024 _a3,907
037 _cTextual
040 _aLCO
_cLCO
_beng
041 _2eng
_aeng
082 _aX:9:Z2,87, M5
100 _aSANAJAOBA N
_9701334
245 0 _aIndustrial tribunal
260 _aDelhi
_bDeep & Deep.
_c1985
300 _a412
650 _aINDUSTRIAL TRIBUNAL
_9701335
942 _hX:9:Z2,87, M5
_cTEXL
999 _c1173470
_d1173470